| 000 | 00863nam a2200217 a 4500 | ||
|---|---|---|---|
| 001 | 000757897 | ||
| 003 | AM-YeHGA | ||
| 005 | 20250617162256.0 | ||
| 008 | 100906s1954 ||||||||r|||||000|0|rus|d | ||
| 040 | _aAM-YeHGA | ||
| 041 | 0 | _arus | |
| 100 | 1 | _aФеоктистов, В.И. | |
| 245 | 1 | 0 |
_aМетрические свойства рентгеновского изображения и их применение в рентгенодиагностике / _cВ.И. Феоктистов. |
| 260 |
_aЛенинград : _bМедГИЗ. Ленингр. отд-ние, _c1954. |
||
| 300 |
_a120 с. : _bил. ; _c22 см. |
||
| 504 | _aБиблиогр.: с. 118. | ||
| 650 | 1 | 4 |
_aРентгенодиагностика _xМетоды |
| 650 | 1 | 4 | _aДиагностическое изображение |
| 650 | 1 | 4 | _aРадиометрия |
| 090 | _c489821 | ||
| 999 |
_c486452 _d486452 |
||